000
00304nam a22001337a 4500
008
190305b xxu||||| |||| 00| 0 eng d
020
_a
0876687443
041
_a
eng
080
_a
159.9
100
_a
49
101
_a
PSI
245
_a
Classics in Psycho-analytic Technique
_c
Langs, R
942
_2
udc
_c
BK
999
_c
54487
_d
54487